000 01097nas a2200301 4500
001 BR9201746
003 BR-BrBNA
005 20231205092438.0
007 ta
008 230509b bl.|||p| |||| 00| 00por d
040 _aBR-BrBNA
_bpor
_cBiblioteca Nacional de Agricultura
041 _a(Pt)
072 _aH10
100 1 _aLyra Netto, A.M.C. de
100 1 _aWanderley, L.J. da G.
100 1 _aMelo, P.C.T. de
245 1 _aControle quimico de Neoleucinodes elegantalis (Guenee, 1854)e Scrobipalpula absoluta (Meyrick, 1917)(Lepidoptera, Gelechiidae), no tomateiro em Pernambuco
246 1 _aChemical control of Neoleucinodes elegantalis (Guenee, 1854)and Scrobipalpula absoluta (Meyrick, 1917), in tomato in Pernambuco state, Brazil
650 _aTOMATE
650 _aLEPIDOPTERO
650 _aTRACA
650 _aINSETICIDA
650 _aCONTROLE QUIMICO
650 _aPERNAMBUCO
773 0 _tAnais da Sociedade Entomologica do Brasil (Brazil)
_xISSN 0301-8059
_g(1991), v. 20(2) p. 353-358
_wBR9201746
909 _a202311
_bLúcia
_c55
_dLúcia Elande
942 _2AGRIS
_n0
_cANA
999 _c131757
_d131757